| 000 | 00000nam 2200000za 4500 |
| 001 | 9.802589 |
| 003 | CaOODSP |
| 005 | 20221107135023 |
| 007 | cr ||||||||||| |
| 008 | 150811s2008 xxc #o f000 0 fre d |
| 020 | |z978-1-100-11499-6 |
| 040 | |aCaOODSP|bfre |
| 041 | |afre|beng |
| 043 | |an-cn--- |
| 086 | 1 |aCW69-5/497F-PDF|zCW69-5/497F |
| 100 | 1 |aHanson, Alan. |
| 245 | 10|aAperçu des méthodes d'évaluation des fonctions écologiques des terres humides |h[ressource électronique] / |bAlan Hanson ... [et al.]. |
| 260 | |a[Sackville, N.-B.] : |bEnvironnement Canada, Région de l'Atlantique, |c2008. |
| 300 | |a70 p. |
| 490 | 1 |aSérie de Rapports techniques ; |vnº. 497 |
| 500 | |aÉgalement disponible en anglais sous le titre : Wetland ecological functions assessment : an overview of approaches. |
| 500 | |a« Octobre 2008 ». |
| 504 | |aComprend des références bibliographiques. |
| 510 | 0 |aDonnées de catalogage avant publication (Canada) imprimées dans cette publication. |
| 546 | |aComprend un résumé en anglais. |
| 692 | 07|2gccst|aZone humide |
| 710 | 2 |aService canadien de la faune. |
| 775 | 08|tWetland ecological functions assessment |w(CaOODSP)9.565284 |
| 830 | #0|aSérie de rapports techniques (Service canadien de la faune)|vnº 497 |w(CaOODSP)9.500915 |
| 856 | 40|qPDF|s463 Ko|uhttps://publications.gc.ca/collections/collection_2015/ec/CW69-5-497-fra.pdf |